Study On The Non-Immunologic Mechanisms Influencing Infection With Leprosy / (Record no. 180650)

MARC details
000 -LEADER
fixed length control field 01462namaa22003371i 4500
005 - أخر تعامل مع التسجيلة
control field 20260630101036.0
008 - FIXED-LENGTH DATA ELEMENTS--GENERAL INFORMATION
fixed length control field 260630s1995 ua a|||frm||| 000 0 eng d
040 ## - CATALOGING SOURCE
Original cataloguing agency EG-GICUC
Language of cataloging eng
Transcribing agency EG-GICUC
Modifying agency EG-GICUC
Description conventions rda
041 0# - LANGUAGE CODE
Language code of text/sound track or separate title eng
Language code of summary or abstract eng
-- ara
049 ## - Acquisition Source
Acquisition Source Deposite
097 ## - Degree
Degree Ph.D
099 ## - LOCAL FREE-TEXT CALL NUMBER (OCLC)
Local Call Number Cai01.11.10.Ph.D.1995.Am.S.
100 0# - MAIN ENTRY--PERSONAL NAME
Authority record control number or standard number Amr Ezz EL-Din Sharaf,
Preparation preparation.
245 10 - TITLE STATEMENT
Title Study On The Non-Immunologic Mechanisms Influencing Infection With Leprosy /
Statement of responsibility, etc. By Amr Ezz EL-Din Sharaf;Supervisors Prof.Dr. Mohsen M. Soliman, Prof.Dr. M. Rasheed Bahgat, Prof.Dr. Samia Nour, Prof.Dr. M. Bakr EL Zawahry.
246 15 - VARYING FORM OF TITLE
Title proper/short title دراسة على بعض الوسائل الغير مناعية فى عدوى ميكروب الجذام /
264 #0 - PRODUCTION, PUBLICATION, DISTRIBUTION, MANUFACTURE, AND COPYRIGHT NOTICE
Date of production, publication, distribution, manufacture, or copyright notice 1995.
300 ## - PHYSICAL DESCRIPTION
Extent 240 pages :
Other physical details illustrations ;
Dimensions 30 cm. +
336 ## - CONTENT TYPE
Source rda content
Content type term text
337 ## - MEDIA TYPE
Source rdamedia
Media type term Unmediated
338 ## - CARRIER TYPE
Source rdacarrier
Carrier type term volume
502 ## - DISSERTATION NOTE
Dissertation note Thesis (Ph.D)-Cairo University,1995.
504 ## - BIBLIOGRAPHY, ETC. NOTE
Bibliography, etc. note Bibliography: pages 200-240.
653 #0 - INDEX TERM--UNCONTROLLED
Uncontrolled term Dermartology
700 0# - ADDED ENTRY--PERSONAL NAME
Personal name Mohsen M. Soliman
Relator term thesis advisor.
700 0# - ADDED ENTRY--PERSONAL NAME
Personal name M. Rasheed Bahgat
Relator term thesis advisor.
700 0# - ADDED ENTRY--PERSONAL NAME
Personal name Samia Nour
Relator term thesis advisor.
700 0# - ADDED ENTRY--PERSONAL NAME
Personal name M. Bakr EL Zawahry
Relator term thesis advisor.
900 ## - Thesis Information
Department Department of Dermartology
Faculties Faculty of Medicine
Universities Cairo University
Grant date 1995
Supervisory body Mohsen M. Soliman
-- M. Rasheed Bahgat
-- Samia Nour
-- M. Bakr EL Zawahry
905 ## - Cataloger and Reviser Names
Cataloger Name Eman El gebaly
942 ## - ADDED ENTRY ELEMENTS (KOHA)
Source of classification or shelving scheme Dewey Decimal Classification
Koha item type Thesis
Edition 21
Suppress in OPAC No
Holdings
Source of classification or shelving scheme Home library Current library Date acquired Inventory number Full call number Barcode Date last seen Effective from Koha item type
Dewey Decimal Classification المكتبة المركزبة الجديدة - جامعة القاهرة مكتبة المئوية 30.06.2026 26160 Cai01.11.10.Ph.D.1995.Am.S. 01010110026160000 30.06.2026 30.06.2026 Thesis
Cairo University Libraries Portal Implemented & Customized by: Eng. M. Mohamady Contacts: new-lib@cl.cu.edu.eg | cnul@cl.cu.edu.eg
CUCL logo CNUL logo
© All rights reserved — Cairo University Libraries
CUCL logo
Implemented & Customized by: Eng. M. Mohamady Contact: new-lib@cl.cu.edu.eg © All rights reserved — New Central Library
CNUL logo
Implemented & Customized by: Eng. M. Mohamady Contact: cnul@cl.cu.edu.eg © All rights reserved — Cairo National University Library